| 000 | 00570nam a2200169 a 4500 | ||
|---|---|---|---|
| 005 | 20210219151000.0 | ||
| 008 | 991125s1945 mx 000 0 spa u | ||
| 035 | _aUPN01000025261 | ||
| 049 | _aF | ||
| 050 | 4 |
_aDC58 _bJ6.3 |
|
| 100 | 1 | _aJover, Marcelo | |
| 245 | 1 | 0 |
_aFrancia en la Conferencia de San Francisco / _cMarcelo Jover. |
| 260 |
_aMéxico : _bGobierno de la República Francesa, Centro de Información y Prensa en México, _c1945. |
||
| 300 | _a43 p. | ||
| 651 | 4 |
_aFRANCIA - _xRELACIONES EXTERIORES - _vDISCURSOS, ENSAYOS, CONFERENCIAS, ETC. |
|
| 905 | _aLibro | ||
| 999 |
_c25261 _d25261 |
||